000 00652nam a22002297a 4500
003 UA-OsUOA
001 50101
007 ta
008 20140521b un ||||| |||| 00| 0 ukr d
090 _a09.-01
942 _cBR
040 _aUA-OsUOA
_beng
_cUA-OsUOA
_dUA-OsUOA
245 _aIndex "Analectorum O.S.B.M.". Series prima. Vol. I-VI
300 _a26 p.
955 _a1
041 _aeng
080 _a09.-01
260 _aRomae
_bSumptibus PP. Basilianorum
_c1949
650 7 _a0 Загальний відділ.
_2UDC
999 _c430225
_d430225